000 00504nam a2200169 i 4500
001 103741
003 ES-MaACL
005 20230906183433.0
007 t|
008 051117s1905 sp ||||1| spa d
100 1 _aMesa, Enrique de,
_d1878-1929
_980630
245 1 0 _aFlor pagana
_b: Bíblica. Serranas. De la vida. Del ensueño /
_cEnrique de Mesa.
260 _aMadrid :
_bRevista de Archivos,
_c1905.
300 _a174 p. ;
_c19 cm.
852 _aES-MaACL
_jF-10063
999 _c103741
_d103741